[Event "9. Open de Calviá 2012 Aficionados"]
[Site "Calvia ESP"]
[Date "2012.10.13"]
[Round "8.4"]
[White "Galiana Salom, Juan Ramon"]
[Black "Sgircea, Silvia-raluca"]
[Result "1/2-1/2"]
[WhiteElo "2215"]
[BlackElo "2255"]
[PlyCount "115"]
[EventDate "2012.10.06"]
[EventType "swiss"]
[EventRounds "9"]
[EventCountry "ESP"]
[SourceTitle "Ajedrez en Madrid"]
[Source "lmi"]
[SourceDate "2012.10.06"]

1. e4 c5 2. Nf3 g6 3. d4 cxd4 4. Nxd4 Nc6 5. Nc3 Bg7 6. Nb3 Nf6 7. Be2 d6 8.
O-O O-O 9. Re1 Be6 10. Bg5 Rc8 11. Bf1 Na5 12. e5 Nxb3 13. axb3 dxe5 14. Qxd8
Rfxd8 15. Rxa7 Rd7 16. Be3 Nd5 17. Nxd5 Bxd5 18. Rd1 Rd6 19. c4 Be6 20. Rda1
Rd7 21. Ra8 Rdd8 22. Rxc8 Bxc8 23. Bb6 Rf8 24. b4 e4 25. Ra2 f5 26. b3 Bc3 27.
b5 e5 28. c5 Be6 29. c6 bxc6 30. bxc6 Bd4 31. Ra6 Bxb3 32. c7 Kf7 33. Ra7 Kf6
34. Rb7 Be6 35. Rb8 Rc8 36. Bc4 Rxc7 37. Bxc7 Bxc4 38. Rb4 Be6 39. Bb6 Bc3 40.
Bd8+ Kg7 41. Rb7+ Bf7 42. h4 h5 43. Bg5 Bd4 44. g3 Kf8 45. Rd7 Be6 46. Rd8+ Kf7
47. Be3 Bxe3 48. fxe3 f4 49. gxf4 exf4 50. exf4 e3 51. Rd3 e2 52. Re3 Bg4 53.
Kf2 Kf6 54. Re5 Kf7 55. Ke1 Kf6 56. Kd2 Bf3 57. Kd3 Bg4 58. Ke4 1/2-1/2

[Event "9. Open de Calviá 2012 Aficionados"]
[Site "Calvia ESP"]
[Date "2012.10.13"]
[Round "8.5"]
[White "Gomez Jurado, Luis Alberto"]
[Black "Tscharotschkin, Michael"]
[Result "0-1"]
[WhiteElo "2248"]
[BlackElo "2205"]
[PlyCount "58"]
[EventDate "2012.10.06"]
[EventType "swiss"]
[EventRounds "9"]
[EventCountry "ESP"]
[SourceTitle "Ajedrez en Madrid"]
[Source "lmi"]
[SourceDate "2012.10.06"]

1. c4 e5 2. g3 Nf6 3. Bg2 Nc6 4. Nc3 Bb4 5. Nd5 Bc5 6. Nf3 d6 7. O-O O-O 8. d3
h6 9. a3 a5 10. e3 Nxd5 11. cxd5 Ne7 12. d4 exd4 13. Nxd4 Ba7 14. b3 c6 15. e4
cxd5 16. exd5 Nf5 17. Nxf5 Bxf5 18. Bb2 Re8 19. b4 axb4 20. axb4 Bb6 21. Rxa8
Qxa8 22. Qf3 Qc8 23. g4 Be4 24. Qf4 Bxg2 25. Kxg2 Qc2 26. Qxd6 Re4 27. Qxb6
Rxg4+ 28. Kh3 Qf5 29. Qd8+ Kh7 0-1

[Event "9. Open de Calviá 2012 Aficionados"]
[Site "Calvia ESP"]
[Date "2012.10.13"]
[Round "8.7"]
[White "Karimi, Farhad"]
[Black "Sokalsky, Alexander"]
[Result "0-1"]
[WhiteElo "2225"]
[BlackElo "2210"]
[PlyCount "76"]
[EventDate "2012.10.06"]
[EventType "swiss"]
[EventRounds "9"]
[EventCountry "ESP"]
[SourceTitle "Ajedrez en Madrid"]
[Source "lmi"]
[SourceDate "2012.10.06"]

1. d4 Nf6 2. Nf3 e6 3. c4 d5 4. Nc3 c6 5. Bf4 Bb4 6. e3 Ne4 7. Rc1 Nd7 8. Bd3
f5 9. Bxe4 fxe4 10. Ng5 Nf6 11. c5 h6 12. Nh3 O-O 13. Bd6 Rf7 14. Nf4 b6 15. a3
bxc5 16. dxc5 Bxc3+ 17. Rxc3 Ne8 18. Qc2 Qf6 19. O-O Ba6 20. Re1 e5 21. Nh5 Qe6
22. Ng3 Rc8 23. Qa4 Bb5 24. Qb3 Nf6 25. h3 Nh7 26. a4 Bd3 27. Rxd3 exd3 28.
Qxd3 Ng5 29. b4 h5 30. f4 h4 31. Ne2 exf4 32. exf4 Ne4 33. Nd4 Qh6 34. Qa6 Nxd6
35. cxd6 Rcf8 36. Qxc6 Qxf4 37. Qc3 Qf6 38. b5 Qg6 0-1

[Event "9. Open de Calviá 2012 Aficionados"]
[Site "Calvia ESP"]
[Date "2012.10.13"]
[Round "8.9"]
[White "Fruebing, Thomas"]
[Black "Munoz Agullo, Jose Francisco"]
[Result "0-1"]
[WhiteElo "2164"]
[BlackElo "2241"]
[PlyCount "94"]
[EventDate "2012.10.06"]
[EventType "swiss"]
[EventRounds "9"]
[EventCountry "ESP"]
[SourceTitle "Ajedrez en Madrid"]
[Source "lmi"]
[SourceDate "2012.10.06"]

1. e4 c5 2. Nf3 e6 3. c3 d5 4. exd5 Qxd5 5. d4 Nf6 6. Na3 Qd8 7. Bg5 cxd4 8.
Nxd4 a6 9. Nc4 Be7 10. Be2 Qc7 11. Bh4 O-O 12. Bg3 Qd8 13. a4 Nd5 14. O-O Nc6
15. Nxc6 bxc6 16. a5 f6 17. Qc2 e5 18. Rfd1 Qe8 19. Ra4 Be6 20. Bd3 g6 21. Nb6
Ra7 22. Bc4 Qf7 23. Raa1 Bc5 24. b4 Nxb6 25. Bxe6 Qxe6 26. bxc5 Nc8 27. f4 e4
28. Ra4 Re8 29. Re1 e3 30. f5 Qxf5 31. Qxf5 gxf5 32. Rf4 e2 33. Rxf5 Re6 34.
Kf2 Rae7 35. Bd6 Re8 36. Rf4 Ne7 37. Bxe7 R8xe7 38. Rb4 Re5 39. g4 f5 40. g5
Kg7 41. Rb6 Kg6 42. h4 Kh5 43. Rxc6 Kg4 44. Rf6 Re3 45. g6 hxg6 46. Rxg6+ Kf4
47. Kg1 Rg3+ 0-1

[Event "9. Open de Calviá 2012 Aficionados"]
[Site "Calvia ESP"]
[Date "2012.10.13"]
[Round "8.10"]
[White "Tolhuizen, Ludo"]
[Black "Sanchez Garcia, Julio"]
[Result "1/2-1/2"]
[WhiteElo "2186"]
[BlackElo "2070"]
[PlyCount "39"]
[EventDate "2012.10.06"]
[EventType "swiss"]
[EventRounds "9"]
[EventCountry "ESP"]
[SourceTitle "Ajedrez en Madrid"]
[Source "lmi"]
[SourceDate "2012.10.06"]

1. d4 Nf6 2. Nf3 e6 3. c4 b6 4. a3 Ba6 5. Qc2 Bb7 6. Nc3 c5 7. e4 cxd4 8. Nxd4
Bc5 9. Nb3 O-O 10. Nxc5 bxc5 11. Be3 d6 12. Be2 Nc6 13. Rd1 Qb6 14. O-O Nd4 15.
Bxd4 cxd4 16. Na4 Qa5 17. Rxd4 Qe5 18. Qd1 Nxe4 19. Bf3 f5 20. Re1 1/2-1/2

[Event "9. Open de Calviá 2012 Aficionados"]
[Site "Calvia ESP"]
[Date "2012.10.13"]
[Round "8.11"]
[White "Whitehead, David J"]
[Black "Schuermans, Robert"]
[Result "1-0"]
[WhiteElo "2035"]
[BlackElo "2175"]
[PlyCount "69"]
[EventDate "2012.10.06"]
[EventType "swiss"]
[EventRounds "9"]
[EventCountry "ESP"]
[SourceTitle "Ajedrez en Madrid"]
[Source "lmi"]
[SourceDate "2012.10.06"]

1. e4 Nf6 2. e5 Nd5 3. d4 d6 4. Nf3 Nc6 5. c4 Nb6 6. exd6 exd6 7. Be2 Bg4 8.
O-O Be7 9. Be3 O-O 10. Nbd2 Bf6 11. Rc1 d5 12. c5 Nc8 13. Re1 h6 14. Nf1 N8e7
15. Ng3 Nf5 16. Nxf5 Bxf5 17. Qd2 a5 18. h3 Qd7 19. Bb5 Rfe8 20. Bf4 Re4 21.
Rxe4 dxe4 22. Ne5 Bxe5 23. Bxe5 f6 24. Bxc6 Qxc6 25. d5 Qd7 26. Bf4 g5 27. c6
bxc6 28. dxc6 Qf7 29. Bxc7 Bxh3 30. Bxa5 Be6 31. b4 Bc4 32. c7 Kg7 33. Qd8 Qd5
34. Qxd5 Bxd5 35. c8=Q 1-0

[Event "9. Open de Calviá 2012 Aficionados"]
[Site "Calvia ESP"]
[Date "2012.10.13"]
[Round "8.15"]
[White "Planas Gene, Juan"]
[Black "Cerdo Fernandez, Miguel"]
[Result "1-0"]
[WhiteElo "2136"]
[BlackElo "1909"]
[PlyCount "53"]
[EventDate "2012.10.06"]
[EventType "swiss"]
[EventRounds "9"]
[EventCountry "ESP"]
[SourceTitle "Ajedrez en Madrid"]
[Source "lmi"]
[SourceDate "2012.10.06"]

1. d4 Nf6 2. c4 e6 3. Nc3 Bb4 4. Qc2 b6 5. Bg5 h6 6. Bh4 Bb7 7. f3 Nc6 8. e3
Qe7 9. a3 Bxc3+ 10. Qxc3 d6 11. Bd3 g5 12. Bf2 O-O-O 13. Ne2 e5 14. d5 Nb8 15.
Ng3 Nbd7 16. e4 Rdg8 17. b4 g4 18. c5 dxc5 19. Nf5 Qf8 20. bxc5 bxc5 21. Rb1
Ne8 22. Qb2 Ba8 23. Ba6+ Kd8 24. Qb8+ Nxb8 25. Rxb8+ Kd7 26. Bc8+ Kd8 27. Be6#
1-0

[Event "9. Open de Calviá 2012 Aficionados"]
[Site "Calvia ESP"]
[Date "2012.10.13"]
[Round "8.17"]
[White "Lacrosse, Marc"]
[Black "Crespi Lopez, Juan Josep"]
[Result "1-0"]
[WhiteElo "2165"]
[BlackElo "1941"]
[PlyCount "77"]
[EventDate "2012.10.06"]
[EventType "swiss"]
[EventRounds "9"]
[EventCountry "ESP"]
[SourceTitle "Ajedrez en Madrid"]
[Source "lmi"]
[SourceDate "2012.10.06"]

1. d4 Nf6 2. c4 g6 3. Nc3 Bg7 4. e4 d6 5. Be2 O-O 6. Be3 e5 7. Nf3 Na6 8. O-O
Ng4 9. Bg5 Qe8 10. h3 h6 11. Bc1 Nf6 12. dxe5 dxe5 13. Be3 c6 14. Rb1 Nh5 15.
Re1 Nf4 16. Bf1 Qe7 17. Qc1 g5 18. c5 Nc7 19. b4 f5 20. Bxf4 gxf4 21. Bd3 fxe4
22. Bxe4 Ne6 23. b5 Qxc5 24. bxc6 bxc6 25. Na4 Qxc1 26. Rexc1 Bd7 27. Bxc6 Bxc6
28. Rxc6 Nd4 29. Rc7 e4 30. Rxg7+ Kxg7 31. Nxd4 Rfc8 32. Ne6+ Kf6 33. Nxf4 Rc2
34. Nc3 Ke5 35. Nfe2 Rd8 36. Rb5+ Ke6 37. Rb4 Kf5 38. g4+ Kg5 39. Rxe4 1-0

[Event "9. Open de Calviá 2012 Aficionados"]
[Site "Calvia ESP"]
[Date "2012.10.13"]
[Round "8.25"]
[White "Caballero Gomez-casero, Emilio"]
[Black "Garrido Lluy, Javier"]
[Result "0-1"]
[WhiteElo "1808"]
[BlackElo "1835"]
[PlyCount "48"]
[EventDate "2012.10.06"]
[EventType "swiss"]
[EventRounds "9"]
[EventCountry "ESP"]
[SourceTitle "Ajedrez en Madrid"]
[Source "lmi"]
[SourceDate "2012.10.06"]

1. d4 c5 2. d5 e5 3. e4 d6 4. Nc3 Nf6 5. Bb5+ Nbd7 6. Nge2 a6 7. Bxd7+ Bxd7 8.
O-O Be7 9. f4 exf4 10. Nxf4 O-O 11. Nh5 Ng4 12. a4 Ne5 13. Nf4 Bg4 14. Qe1 Bh4
15. g3 Bg5 16. Kg2 Qd7 17. a5 Rae8 18. Na4 Bxf4 19. Rxf4 Bh3+ 20. Kg1 Ng6 21.
Rf2 Qg4 22. Bf4 h5 23. Qc3 Rxe4 24. Nb6 Rxf4 0-1

[Event "9. Open de Calviá 2012 Aficionados"]
[Site "Calvia ESP"]
[Date "2012.10.13"]
[Round "8.26"]
[White "Baatz, Karl-heinz"]
[Black "Ducros Salva, Francisco"]
[Result "0-1"]
[WhiteElo "1814"]
[BlackElo "1995"]
[PlyCount "48"]
[EventDate "2012.10.06"]
[EventType "swiss"]
[EventRounds "9"]
[EventCountry "ESP"]
[SourceTitle "Ajedrez en Madrid"]
[Source "lmi"]
[SourceDate "2012.10.06"]

1. e4 d5 2. exd5 Qxd5 3. Nc3 Qd6 4. d4 Nf6 5. Nf3 c6 6. Ne5 Bf5 7. g4 Be4 8. f3
Bd5 9. g5 Nfd7 10. Nxd5 cxd5 11. Nd3 Qb6 12. c3 e6 13. Bf4 Bd6 14. Qc2 Bxf4 15.
Nxf4 Nc6 16. O-O-O O-O-O 17. h4 Kb8 18. Kb1 Rc8 19. Bh3 Ne7 20. Qe2 Rxc3 21.
Ka1 Rc4 22. Rd3 Rhc8 23. Qe3 Rc2 24. Rb3 Qxd4 0-1